| 000 | 03350cam a22006377a 4500 | ||
|---|---|---|---|
| 001 | 000063113 | ||
| 003 | CHAP | ||
| 005 | 20231019174237.0 | ||
| 008 | 971013s1996 r 00010 d | ||
| 010 | _a62040 | ||
| 011 | _a63012 | ||
| 035 | _a67188 | ||
| 040 | _cCHAP | ||
| 082 | 0 | 4 |
_a306.4 _bF7 |
| 100 | 0 | 0 |
_aFregoso, Arturo. _943143 |
| 245 | 1 | 0 | _aTextos y pretextos sobre el pensamiento científico y el pensamiento religioso. |
| 260 |
_aChapingo, Méx. : _bUACH, _c1996. |
||
| 300 |
_a2 v. : _b: ilus. |
||
| 490 | 1 | _aSaber y creer | |
| 505 | _aContenido : v.1 La fe de la razón y la razón de la fe -- v.2 El sentido común casa de espejos -- v.3 Ciencia y realidad ?fe o conocimiento? -- v.4 ...y seréis como dioses -- v.5 Creo, luego existo -- v.6 Comunicación y lenguaje -- v.7 Lenguaje cien | ||
| 590 |
_aBATCH-UPD _b10 _c20130110 _lUCH01 _h0406 |
||
| 590 |
_aBATCH-UPD _b10 _c20130110 _lUCH01 _h2223 |
||
| 590 |
_aBATCH-UPD _b10 _c20130410 _lUCH01 _h0040 |
||
| 590 |
_aBATCH-UPD _b10 _c20130410 _lUCH01 _h1520 |
||
| 590 |
_aBATCH-UPD _b10 _c20130914 _lUCH01 _h0933 |
||
| 590 |
_aCONVERSION _b10 _c20130109 _lUCH01 _h1333 |
||
| 590 |
_aE5995AHE _b05 _c20150217 _lUCH01 _h1335 |
||
| 590 |
_aE5995AHE _b05 _c20150217 _lUCH01 _h1452 |
||
| 650 | 1 | 4 |
_aCiencia y sociedad. _923155 |
| 650 | 1 | 4 |
_aCiencia _xFilosofía. _923124 |
| 650 | 1 | 4 |
_aReligión y ciencia. _995836 |
| 830 | 0 |
_aSaber y creer (Universidad Autónoma Chapingo) _9101101 |
|
| 901 | _aBK | ||
| 942 | _cLIBRO | ||
| 942 | _n0 | ||
| 949 |
_a306.4 F7 _bBC _cLIBRO _d33724000593836 _eLIBRO _fv.2 c.4 _gI.c./e _h92906 _i67188 _si _t$35.00 |
||
| 949 |
_a306.4 F7 _bBC _cLIBRO _d33724000593844 _eLIBRO _fv.3 c.2 _gI.c/e _h92909 _i67188 _si _t$35.00 |
||
| 949 |
_a306.4 F7 _bBC _cLIBRO _d33724000593869 _eLIBRO _fv.2 c.5 _gI.c/e _h92907 _i67188 _si _t$35.00 |
||
| 949 |
_a306.4 F7 _bBC _cLIBRO _d33724000593877 _eLIBRO _fv.3 _gI.c/e _h92908 _i67188 _si _t$35.00 |
||
| 949 |
_a306.4 F7 _bBC _cLIBRO _d33724000593885 _eLIBRO _fv.4 _gI.c/e _h92910 _i67188 _si _t$35.00 |
||
| 949 |
_a306.4 F7 _bBC _cLIBRO _d33724000593893 _eLIBRO _fv.4 c.2 _gI.c/e _h92911 _i67188 _si _t$35.00 |
||
| 949 |
_a306.4 F7 _bBC _cLIBRO _d33724000593901 _eLIBRO _fv.5 _gI.c/e _h92912 _i67188 _si _t$35.00 |
||
| 949 |
_a306.4 F7 _bBC _cLIBRO _d33724000593919 _eLIBRO _fv.5 c.2 _gI.c/e _h92913 _i67188 _si _t$35.00 |
||
| 949 |
_a306.4 F7 _bBC _cLIBRO _d33724000593927 _eLIBRO _fv.6 _gI.c/e _h92914 _i67188 _si _t$35.00 |
||
| 949 |
_a306.4 F7 _bBC _cLIBRO _d33724000593935 _eLIBRO _fv.6 c.2 _gI.c/e _h92915 _i67188 _si _t$35.00 |
||
| 949 |
_a306.4 F7 _bBC _cLIBRO _d33724000593943 _eLIBRO _fv.7 _gI.c/e _h92916 _i67188 _si _t$35.00 |
||
| 949 |
_a306.4 F7 _bBC _cLIBRO _d33724000593950 _eLIBRO _fv.7 c.2 _gI.c/e _h92917 _i67188 _si _t$35.00 |
||
| 949 |
_a306.4 F7 _bBC _cLIBRO _d33724000593968 _eLIBRO _fv.8 _gI.c/e _h92918 _i67188 _si _t$35.00 |
||
| 949 |
_a306.4 F7 _bBC _cLIBRO _d33724000593976 _eLIBRO _fv.8 c.2 _gI.c/e _h92919 _i67188 _si _t$35.00 |
||
| 949 |
_a306.4 F7 _bBC _cLIBRO _d33724000608659 _eLIBRO _fv.1 _h91607 _i67188 _si |
||
| 949 |
_a306.4 F7 _bBC _cLIBRO _d33724000608675 _eLIBRO _fv.2 _h91610 _i67188 _si |
||
| 949 |
_a306.4 F7 _bBC _cLIBRO _d33724000608683 _eLIBRO _fv.1 c.2 _h91608 _i67188 _si |
||
| 949 |
_a306.4 F7 _bBC _cLIBRO _d33724000845475 _eLIBRO _fv.2 c.2 _h91611 _i67188 _si |
||
| 949 |
_a306.4 F7 _bBC _cUACH _d-152445 _eUACH _fv.1 c.3 _h91609 _i67188 _si |
||
| 949 |
_a306.4 F7 _bBC _cUACH _d-152448 _eUACH _fv.2 c.3 _h91612 _i67188 _si |
||
| 999 |
_c62040 _d62040 |
||